[Event "54th Reggio Emilia w"]
[Site "Reggio Emilia ITA"]
[Date "2011.12.27"]
[Round "1"]
[White "De Rosa, M."]
[Black "Chierici, M."]
[Result "1-0"]
[WhiteElo "2122"]
[BlackElo "2048"]
[PlyCount "101"]
[EventDate "2011.12.27"]

1. e4 c5 2. Nf3 d6 3. d4 cxd4 4. Nxd4 Nf6 5. f3 e5 6. Bb5+ Nbd7 7. Nf5 d5 8.
exd5 a6 9. Ba4 b5 10. Bb3 Nb6 11. Ne3 Bc5 12. Qd3 O-O 13. Nc3 Nh5 14. Ne4 Nf4
15. Qf1 Bxe3 16. Bxe3 Nbxd5 17. Bc5 Qa5+ 18. c3 Rd8 19. O-O-O Bb7 20. Qf2 Rac8
21. g3 Ne6 22. Rxd5 Bxd5 23. Bb6 Nc5 24. Bxa5 Nd3+ 25. Kc2 Nxf2 26. Nxf2 Bxf3
27. Bxd8 Bxh1 28. Bb6 Bf3 29. Kd2 Kf8 30. Ke3 Bb7 31. Ne4 Bxe4 32. Kxe4 Rc6 33.
Ba5 Rh6 34. h4 Rg6 35. Bb4+ Ke8 36. Kf3 e4+ 37. Kf4 f5 38. Bd1 Rf6 39. Be2 g6
40. Bc5 Rc6 41. b4 Kf7 42. c4 bxc4 43. Bxc4+ Kf6 44. Bd5 Rc7 45. Bd4+ Ke7 46.
a4 Rc1 47. Bb7 a5 48. bxa5 Rc4 49. Bb6 Rc3 50. a6 Rf3+ 51. Ke5 1-0

[Event "54th Reggio Emilia w"]
[Site "Reggio Emilia ITA"]
[Date "2011.12.27"]
[Round "1"]
[White "Guramishvili, S."]
[Black "Brunello, M."]
[Result "1-0"]
[WhiteElo "2374"]
[BlackElo "2221"]
[PlyCount "103"]
[EventDate "2011.12.27"]

1. Nf3 c5 2. c4 g6 3. d4 cxd4 4. Nxd4 Nf6 5. Nc3 Bg7 6. e4 d6 7. Be2 O-O 8. O-O
Nc6 9. Nc2 Nd7 10. Be3 Nc5 11. f3 a5 12. Qd2 Be6 13. Na3 a4 14. Nd5 Ne5 15. Bg5
Re8 16. Kh1 Bxd5 17. exd5 Ned7 18. Nb5 Nf6 19. Rae1 Qd7 20. Rf2 Kh8 21. Bf1 Ng8
22. Rfe2 h6 23. Bf4 Kh7 24. Re3 Nf6 25. Qe2 Bf8 26. g4 Ra6 27. Bh3 Rb6 28. Rd1
Qd8 29. Bg3 Ncd7 30. Be1 Ra6 31. Bc3 Bg7 32. Re1 Ng8 33. Bxg7 Kxg7 34. f4 Kf8
35. g5 hxg5 36. fxg5 Ne5 37. Rf1 Kg7 38. Qf2 Rf8 39. Qf4 Ra8 40. Bg2 Qc8 41.
Rxe5 dxe5 42. Qxe5+ f6 43. gxf6+ Rxf6 44. Nc7 Ra5 45. Ne6+ Kf7 46. Ng5+ Ke8 47.
Rxf6 Nxf6 48. Bh3 Qd8 49. Qe6 Qd6 50. Qf7+ Kd8 51. Ne6+ Kd7 52. Qf8 1-0

[Event "54th Reggio Emilia w"]
[Site "Reggio Emilia ITA"]
[Date "2011.12.27"]
[Round "1"]
[White "Videnova, I."]
[Black "Sharevich, A."]
[Result "0-1"]
[WhiteElo "2297"]
[BlackElo "2267"]
[PlyCount "92"]
[EventDate "2011.12.27"]

1. e4 c5 2. Nf3 e6 3. d4 cxd4 4. Nxd4 a6 5. Bd3 Bc5 6. Nb3 Ba7 7. Qg4 Nf6 8.
Qg3 d6 9. Nc3 Nc6 10. Bg5 h6 11. Bd2 Nh5 12. Qf3 Qh4 13. g3 Ne5 14. Qe2 Qg4 15.
Be3 Qxe2+ 16. Bxe2 Bxe3 17. fxe3 Nf6 18. O-O-O Ke7 19. Rd4 Rd8 20. Na5 b6 21.
Nc4 Nc6 22. Nxb6 Nxd4 23. Nxa8 Nxe2+ 24. Nxe2 Nd7 25. e5 dxe5 26. Nc7 Bb7 27.
Re1 Rc8 28. Nxa6 Bxa6 29. b3 Nc5 30. Kb2 f5 31. Nc3 g5 32. b4 Rb8 33. Ka3 Nd7
34. Kb3 Nc5+ 35. Ka3 Nd7 36. Kb3 Bb7 37. e4 f4 38. a4 f3 39. Kc4 Rc8+ 40. Kd3
Nb6 41. b5 g4 42. a5 Rd8+ 43. Nd5+ exd5 44. axb6 dxe4+ 45. Ke3 Rc8 46. Ra1 Rxc2
0-1

[Event "54th Reggio Emilia w"]
[Site "Reggio Emilia ITA"]
[Date "2011.12.28"]
[Round "2"]
[White "Chierici, M."]
[Black "Sharevich, A."]
[Result "0-1"]
[WhiteElo "2048"]
[BlackElo "2267"]
[PlyCount "48"]
[EventDate "2011.12.27"]

1. e4 c5 2. c3 Nf6 3. e5 Nd5 4. d4 cxd4 5. Nf3 e6 6. cxd4 Nc6 7. Nc3 d6 8. Bd3
dxe5 9. dxe5 Nxc3 10. bxc3 Qa5 11. O-O Nxe5 12. Nxe5 Qxe5 13. Re1 Qa5 14. Rb1
a6 15. Be4 Bc5 16. Qg4 O-O 17. Qh4 f5 18. Bxb7 Rb8 19. Bxc8 Rxb1 20. Bxe6+ Kh8
21. Rf1 Qxc3 22. Qg5 Qf6 23. Qxf6 Rxf6 24. Bc4 Rc6 0-1

[Event "54th Reggio Emilia w"]
[Site "Reggio Emilia ITA"]
[Date "2011.12.28"]
[Round "2"]
[White "Brunello, M."]
[Black "Videnova, I."]
[Result "1/2-1/2"]
[WhiteElo "2221"]
[BlackElo "2297"]
[PlyCount "106"]
[EventDate "2011.12.27"]

1. e4 e5 2. Nf3 Nc6 3. d4 exd4 4. Nxd4 Nf6 5. Nc3 Bb4 6. Nxc6 bxc6 7. Bd3 d6 8.
O-O h6 9. Ne2 Ng4 10. Nd4 Bc5 11. c3 Qh4 12. Bf4 Qf6 13. Bg3 h5 14. Nf5 g6 15.
Bh4 g5 16. Bg3 Kf8 17. Kh1 Nh6 18. b4 Bb6 19. e5 dxe5 20. Nxh6 Rxh6 21. Qe2 Bg4
22. f3 Bf5 23. Bxf5 Qxf5 24. Qxe5 Qxe5 25. Bxe5 Re6 26. f4 f6 27. c4 fxe5 28.
fxg5+ Ke7 29. c5 Rd8 30. Rae1 Rd5 31. cxb6 cxb6 32. Rf5 e4 33. Rf4 e3 34. h4
Kd6 35. Kg1 c5 36. bxc5+ bxc5 37. Ra4 Rd3 38. g4 hxg4 39. Rxg4 Rd4 40. Rg3 Rxh4
41. g6 Rh8 42. Rexe3 Rxe3 43. Rxe3 Rg8 44. Rg3 Ke5 45. Kf2 Kf4 46. g7 c4 47.
Rc3 Rxg7 48. Rxc4+ Ke5 49. Ra4 Kd5 50. Ke2 Kc5 51. Kd3 Kb5 52. Re4 Rg3+ 53. Kc2
a5 1/2-1/2

[Event "54th Reggio Emilia w"]
[Site "Reggio Emilia ITA"]
[Date "2011.12.28"]
[Round "2"]
[White "De Rosa, M."]
[Black "Guramishvili, S."]
[Result "0-1"]
[WhiteElo "2122"]
[BlackElo "2374"]
[PlyCount "84"]
[EventDate "2011.12.27"]

1. e4 e5 2. Nf3 Nc6 3. Bb5 a6 4. Ba4 Nf6 5. O-O Be7 6. Re1 b5 7. Bb3 d6 8. c3
O-O 9. h3 Nb8 10. d4 Nbd7 11. Nbd2 Bb7 12. Bc2 Re8 13. Nf1 Bf8 14. Ng3 g6 15.
a4 Bg7 16. Bd3 c6 17. Bg5 Nf8 18. Qd2 Ne6 19. Bh6 Bh8 20. Bc2 Qc7 21. Red1 Rad8
22. axb5 axb5 23. b4 d5 24. Nxe5 Nxe4 25. Nxe4 dxe4 26. Qe3 c5 27. bxc5 Bxe5
28. dxe5 Qxe5 29. Ra7 Rxd1+ 30. Bxd1 Nxc5 31. Be2 Bc6 32. Bf4 Qd5 33. Rc7 Ne6
34. Rxc6 Qxc6 35. Be5 Qd5 36. Bf6 Qf5 37. Bh4 Rc8 38. Qb6 Qc5 39. Qb7 Qc6 40.
Qe7 Qxc3 41. Bxb5 Qc1+ 42. Kh2 Qc7+ 0-1

[Event "54th Reggio Emilia w"]
[Site "Reggio Emilia ITA"]
[Date "2011.12.29"]
[Round "3"]
[White "Guramishvili, S."]
[Black "Chierici, M."]
[Result "1-0"]
[WhiteElo "2374"]
[BlackElo "2048"]
[PlyCount "53"]
[EventDate "2011.12.27"]

1. d4 Nf6 2. c4 g6 3. Nc3 d5 4. Nf3 Bg7 5. Bg5 c6 6. e3 Ne4 7. Bh4 Nxc3 8. bxc3
dxc4 9. Bxc4 b5 10. Bb3 O-O 11. O-O Bf5 12. Qe2 a5 13. e4 Bg4 14. h3 Bxf3 15.
Qxf3 a4 16. Bc2 Ra7 17. e5 f6 18. e6 b4 19. Rab1 bxc3 20. Qxc3 f5 21. Rfd1 c5
22. Qxc5 Rc7 23. Qa3 Rxc2 24. Bxe7 Qe8 25. d5 Bb2 26. Rxb2 Rxb2 27. Bxf8 1-0

[Event "54th Reggio Emilia w"]
[Site "Reggio Emilia ITA"]
[Date "2011.12.29"]
[Round "3"]
[White "Videnova, I."]
[Black "De Rosa, M."]
[Result "1/2-1/2"]
[WhiteElo "2297"]
[BlackElo "2122"]
[PlyCount "97"]
[EventDate "2011.12.27"]

1. e4 c5 2. Nf3 d6 3. d4 cxd4 4. Nxd4 Nf6 5. Nc3 a6 6. Be3 e6 7. Be2 Be7 8. O-O
Qc7 9. a4 b6 10. f4 Bb7 11. Bf3 Nbd7 12. f5 e5 13. Nde2 Nc5 14. Ng3 h5 15. Nxh5
Nxh5 16. Bxh5 Nxe4 17. Nxe4 Bxe4 18. Bf3 Qc6 19. Bxe4 Qxe4 20. Bxb6 Rb8 21. a5
d5 22. Qe1 Qxe1 23. Rfxe1 f6 24. Rad1 d4 25. Re4 Rc8 26. Rd2 Kf7 27. Ree2 Rc6
28. g4 Rhc8 29. g5 Bb4 30. c3 dxc3 31. bxc3 Rxc3 32. Rd7+ Kf8 33. gxf6 gxf6 34.
Ra7 Rf3 35. Rb2 Bc3 36. Bc5+ Kg8 37. Rbb7 Bd4+ 38. Bxd4 exd4 39. Rg7+ Kh8 40.
Rh7+ Kg8 41. Rhd7 Ra3 42. Rg7+ Kh8 43. Rh7+ Kg8 44. Rag7+ Kf8 45. Rf7+ Kg8 46.
Rhg7+ Kh8 47. Rh7+ Kg8 48. Rfg7+ Kf8 49. Rf7+ 1/2-1/2

[Event "54th Reggio Emilia w"]
[Site "Reggio Emilia ITA"]
[Date "2011.12.29"]
[Round "3"]
[White "Sharevich, A."]
[Black "Brunello, M."]
[Result "0-1"]
[WhiteElo "2267"]
[BlackElo "2221"]
[PlyCount "110"]
[EventDate "2011.12.27"]

1. d4 Nf6 2. c4 e6 3. g3 c5 4. d5 exd5 5. cxd5 d6 6. Nc3 g6 7. Nf3 Bg7 8. Bg2
O-O 9. O-O Nbd7 10. h3 a6 11. a4 Re8 12. Bf4 Qe7 13. Re1 Nh5 14. Bg5 Qf8 15. g4
Nhf6 16. Bf4 Ne4 17. Qc2 f5 18. g5 Rb8 19. e3 b5 20. Nxe4 Rxe4 21. Nd2 Rb4 22.
Ra2 Ne5 23. axb5 axb5 24. b3 Qf7 25. Bxe5 Bxe5 26. f4 Bg7 27. Qd3 Bb7 28. Ra5
Bc8 29. Ra2 Qc7 30. Rc1 Qb6 31. Kh2 Ba6 32. Bf1 Re8 33. Re1 Rxf4 34. exf4 Rxe1
35. Qg3 Re8 36. h4 Bb7 37. Bg2 c4 38. bxc4 Re3 39. Bf3 Qd4 40. Nf1 Qxc4 41.
Nxe3 Qxa2+ 42. Bg2 Qe2 43. Kh3 Bd4 44. Nf1 b4 45. Qf3 Qxf3+ 46. Bxf3 b3 47. Nd2
b2 48. Bd1 Bxd5 49. Kg3 Be3 50. Nb1 Kf7 51. h5 Ke7 52. hxg6 hxg6 53. Bc2 Be4
54. Bxe4 fxe4 55. Kg4 Ke6 0-1

[Event "54th Reggio Emilia w"]
[Site "Reggio Emilia ITA"]
[Date "2011.12.30"]
[Round "4"]
[White "Chierici, M."]
[Black "Brunello, M."]
[Result "0-1"]
[WhiteElo "2048"]
[BlackElo "2221"]
[PlyCount "84"]
[EventDate "2011.12.27"]

1. e4 c5 2. c3 Nf6 3. e5 Nd5 4. d4 cxd4 5. Nf3 e6 6. cxd4 b6 7. Nc3 Nxc3 8.
bxc3 Qc7 9. Bd2 Be7 10. Rc1 Nc6 11. Bd3 d6 12. O-O dxe5 13. Re1 Bb7 14. dxe5
Rd8 15. Qe2 Qd7 16. Nd4 Nxd4 17. cxd4 O-O 18. Be3 Qd5 19. Qg4 Rc8 20. h4 h5 21.
Qh3 g6 22. f3 Qxa2 23. Qg3 Kg7 24. Qf4 Rh8 25. Rxc8 Bxc8 26. Rc1 Qa3 27. Be4
Bxh4 28. Rc7 Be7 29. Rxc8 g5 30. Rxh8 gxf4 31. Rh7+ Kg8 32. Bxf4 Qa1+ 33. Kh2
Qxd4 34. Rxh5 f5 35. exf6 Bxf6 36. g4 a5 37. Bh7+ Kf8 38. Kg3 a4 39. Bg6 a3 40.
Bh6+ Ke7 41. g5 Be5+ 42. Kh3 Qf2 0-1

[Event "54th Reggio Emilia w"]
[Site "Reggio Emilia ITA"]
[Date "2011.12.30"]
[Round "4"]
[White "De Rosa, M."]
[Black "Sharevich, A."]
[Result "1/2-1/2"]
[WhiteElo "2122"]
[BlackElo "2267"]
[PlyCount "50"]
[EventDate "2011.12.27"]

1. e4 c5 2. Nf3 e6 3. d4 cxd4 4. Nxd4 a6 5. f4 Qc7 6. Be3 Nf6 7. Bd3 b5 8. Qf3
Bb7 9. O-O Nc6 10. c3 Be7 11. Nd2 h5 12. Kh1 g6 13. a4 b4 14. cxb4 Nxb4 15.
Rac1 Qd8 16. Bb1 Rc8 17. N2b3 Rxc1 18. Rxc1 Qa8 19. Nd2 O-O 20. Bg1 Rc8 21. Re1
Kg7 22. Qg3 h4 23. Qe3 Rh8 24. h3 Nh5 25. N2f3 Ng3+ 1/2-1/2

[Event "54th Reggio Emilia w"]
[Site "Reggio Emilia ITA"]
[Date "2011.12.30"]
[Round "4"]
[White "Guramishvili, S."]
[Black "Videnova, I."]
[Result "1-0"]
[WhiteElo "2374"]
[BlackElo "2297"]
[PlyCount "55"]
[EventDate "2011.12.27"]

1. d4 c5 2. d5 g6 3. Nf3 Bg7 4. e4 d6 5. Nc3 Nf6 6. Be2 O-O 7. O-O Na6 8. Nd2
Nc7 9. a4 e5 10. Nc4 Qe7 11. Rb1 Nd7 12. b4 cxb4 13. Rxb4 Nc5 14. Ba3 f5 15.
Rb3 N7a6 16. Nb5 Rf6 17. Ncxd6 Qd7 18. Rc3 Nxa4 19. Rxc8+ Rxc8 20. Nxc8 Qxc8
21. Be7 Rf7 22. d6 Nb6 23. Nxa7 Qe6 24. Qb1 Rxe7 25. dxe7 Kf7 26. exf5 gxf5 27.
Bh5+ Kxe7 28. Qxb6 1-0

[Event "54th Reggio Emilia w"]
[Site "Reggio Emilia ITA"]
[Date "2011.12.31"]
[Round "5"]
[White "Videnova, I."]
[Black "Chierici, M."]
[Result "0-1"]
[WhiteElo "2297"]
[BlackElo "2048"]
[PlyCount "82"]
[EventDate "2011.12.27"]

1. e4 Nf6 2. e5 Nd5 3. d4 d6 4. Nf3 dxe5 5. Nxe5 c6 6. Bd3 Nd7 7. Nf3 g6 8. a3
Bg7 9. c4 Nc7 10. Be3 O-O 11. Nc3 b5 12. Be4 bxc4 13. Bxc6 Rb8 14. Ra2 Rb6 15.
Ba4 Rd6 16. Ne4 Re6 17. Nfg5 Rb6 18. Nd2 Ba6 19. Qc2 e5 20. Ngf3 exd4 21. Nxd4
Nc5 22. Nc6 Qe8 23. O-O Nxa4 24. Bxb6 Nxb6 25. Nb4 Bb5 26. Raa1 Qe5 27. a4 Bd7
28. a5 Nbd5 29. Nxd5 Nxd5 30. Nxc4 Qg5 31. Ra3 Rc8 32. Qe4 Nf4 33. Rg3 Qf5 34.
Re1 Re8 35. Qxe8+ Bxe8 36. Rxe8+ Bf8 37. h3 Qc2 38. Ne3 Ne2+ 39. Kh2 Qc6 40.
Rxf8+ Kxf8 41. Rg4 Qc1 0-1

[Event "54th Reggio Emilia w"]
[Site "Reggio Emilia ITA"]
[Date "2011.12.31"]
[Round "5"]
[White "Sharevich, A."]
[Black "Guramishvili, S."]
[Result "1-0"]
[WhiteElo "2267"]
[BlackElo "2374"]
[PlyCount "69"]
[EventDate "2011.12.27"]

1. d4 d5 2. c4 c6 3. Nc3 dxc4 4. e4 b5 5. a4 b4 6. Nb1 Ba6 7. Qc2 Qxd4 8. Nf3
Qd8 9. Bxc4 Bxc4 10. Qxc4 Nd7 11. O-O e6 12. Bg5 Qc7 13. a5 Ngf6 14. Nbd2 Bd6
15. Qc2 O-O 16. Nc4 e5 17. Rfd1 Be7 18. Ne3 Rfc8 19. Qc4 Bf8 20. Nf5 Rab8 21.
b3 Rb5 22. Be3 Nc5 23. Bxc5 Bxc5 24. Rd2 Rxa5 25. Rad1 Bf8 26. Ng5 h6 27. h4
hxg5 28. hxg5 Rc5 29. Qe2 Ne8 30. Rd7 Qa5 31. Nh6+ gxh6 32. Qh5 Ng7 33. Qxf7+
Kh7 34. R1d6 hxg5 35. Rg6 1-0

[Event "54th Reggio Emilia w"]
[Site "Reggio Emilia ITA"]
[Date "2011.12.31"]
[Round "5"]
[White "Brunello, M."]
[Black "De Rosa, M."]
[Result "1/2-1/2"]
[WhiteElo "2221"]
[BlackElo "2122"]
[PlyCount "72"]
[EventDate "2011.12.27"]

1. e4 c5 2. c3 d5 3. exd5 Qxd5 4. d4 Nc6 5. Nf3 Bg4 6. Be2 cxd4 7. cxd4 e6 8.
O-O Nf6 9. h3 Bh5 10. Be3 Bd6 11. Nc3 Qa5 12. Qb3 Qb4 13. Qxb4 Nxb4 14. g4 Bg6
15. Ne5 Nfd5 16. Rac1 Nxe3 17. fxe3 Bxe5 18. dxe5 Bd3 19. Nb5 O-O 20. Bxd3 Nxd3
21. Rc7 Nxe5 22. b3 a6 23. Nd6 b5 24. Rfc1 Rad8 25. Ne4 h6 26. Ra7 Rc8 27. Rxc8
Rxc8 28. Rxa6 Rc2 29. Nf2 Nf3+ 30. Kf1 e5 31. Ra5 b4 32. Ra4 g6 33. e4 Nd2+ 34.
Kg1 Nf3+ 35. Kf1 Nd2+ 36. Kg1 Nf3+ 1/2-1/2

[Event "54th Reggio Emilia w"]
[Site "Reggio Emilia ITA"]
[Date "2012.01.02"]
[Round "6"]
[White "Chierici, M."]
[Black "De Rosa, M."]
[Result "1/2-1/2"]
[WhiteElo "2048"]
[BlackElo "2122"]
[PlyCount "83"]
[EventDate "2011.12.27"]

1. e4 c5 2. Nf3 d6 3. d4 cxd4 4. Nxd4 Nf6 5. Nc3 a6 6. Qf3 g6 7. Be3 Bg7 8. Bc4
Qc7 9. Bb3 Nc6 10. h3 Ne5 11. Qe2 b5 12. a4 b4 13. Nd5 Nxd5 14. exd5 Bb7 15. a5
Rc8 16. O-O Nc4 17. Ba4+ Kf8 18. Qf3 Kg8 19. c3 bxc3 20. bxc3 h6 21. Rab1 Bf6
22. Nc6 Bxc6 23. dxc6 Qxa5 24. Qg4 Nxe3 25. fxe3 Kg7 26. Rb7 Qxc3 27. Rf3 h5
28. Qe4 Be5 29. Rxe7 Rhf8 30. Qd5 Qa1+ 31. Bd1 Bf6 32. Rd7 Rb8 33. c7 Rb1 34.
Rf1 Qc3 35. Qe4 Rc1 36. Rxd6 Bg5 37. Rd3 Qxc7 38. Qd4+ Kg8 39. Qd5 Qe7 40. e4
Qc5+ 41. Qxc5 Rxc5 42. Bb3 1/2-1/2

[Event "54th Reggio Emilia w"]
[Site "Reggio Emilia ITA"]
[Date "2012.01.02"]
[Round "6"]
[White "Brunello, M."]
[Black "Guramishvili, S."]
[Result "0-1"]
[WhiteElo "2221"]
[BlackElo "2374"]
[PlyCount "68"]
[EventDate "2011.12.27"]

1. e4 c5 2. c3 Nf6 3. e5 Nd5 4. d4 cxd4 5. Nf3 e6 6. cxd4 d6 7. Bc4 Nc6 8. O-O
Be7 9. exd6 Qxd6 10. Nc3 O-O 11. Re1 b6 12. Ng5 h6 13. Nge4 Qd8 14. Ng3 Bf6 15.
Be3 Nxe3 16. fxe3 g6 17. Qg4 Na5 18. Bd3 e5 19. Qf3 exd4 20. Qxa8 dxc3 21. Rad1
Bg4 22. Qxd8 Rxd8 23. Ne2 cxb2 24. Kf2 Bf5 25. e4 Rxd3 26. Rxd3 Bxe4 27. Ke3
Bxd3 28. Kxd3 b5 29. Nc3 a6 30. Nd5 Be5 31. g3 Nc4 32. Ne7+ Kf8 33. Nc6 Bf6 34.
Nb4 Na3 0-1

[Event "54th Reggio Emilia w"]
[Site "Reggio Emilia ITA"]
[Date "2012.01.02"]
[Round "6"]
[White "Sharevich, A."]
[Black "Videnova, I."]
[Result "1/2-1/2"]
[WhiteElo "2267"]
[BlackElo "2297"]
[PlyCount "39"]
[EventDate "2011.12.27"]

1. d4 Nf6 2. c4 e6 3. g3 d5 4. Bg2 dxc4 5. Nf3 Nc6 6. Qa4 Bb4+ 7. Bd2 Nd5 8.
Bxb4 Ndxb4 9. O-O Rb8 10. Na3 a6 11. Ne5 O-O 12. Nxc6 Nxc6 13. Qxc4 Qxd4 14.
Bxc6 Qxc4 15. Nxc4 bxc6 16. Rac1 Bd7 17. Rfd1 Rfd8 18. Ne5 Be8 19. Rxd8 Rxd8
20. Rc2 1/2-1/2

[Event "54th Reggio Emilia w"]
[Site "Reggio Emilia ITA"]
[Date "2012.01.03"]
[Round "7"]
[White "Sharevich, A."]
[Black "Chierici, M."]
[Result "1-0"]
[WhiteElo "2267"]
[BlackElo "2048"]
[PlyCount "83"]
[EventDate "2011.12.27"]

1. d4 Nf6 2. c4 g6 3. Nc3 d5 4. cxd5 Nxd5 5. e4 Nxc3 6. bxc3 Bg7 7. Bc4 c5 8.
Ne2 Nc6 9. Be3 O-O 10. O-O Bg4 11. f3 Na5 12. Bd3 cxd4 13. cxd4 Be6 14. Qa4 Bd7
15. Qb4 b5 16. Rac1 a6 17. Rc2 Nc6 18. Qd2 Qb8 19. e5 a5 20. Rc5 Nb4 21. Be4
Ra7 22. f4 f5 23. Bf3 Rc8 24. Rxc8+ Qxc8 25. a3 Nc2 26. Rc1 Rc7 27. Qxa5 e6 28.
d5 Rc4 29. Bf2 g5 30. dxe6 Bxe6 31. Rd1 Bf8 32. fxg5 Nxa3 33. Qb6 Qe8 34. Nd4
Bf7 35. e6 Bh5 36. e7 Bxe7 37. Bd5+ Bf7 38. Bxc4 bxc4 39. Nxf5 Bxg5 40. h4 Qa4
41. Qb8+ Be8 42. Re1 1-0

[Event "54th Reggio Emilia w"]
[Site "Reggio Emilia ITA"]
[Date "2012.01.03"]
[Round "7"]
[White "Videnova, I."]
[Black "Brunello, M."]
[Result "0-1"]
[WhiteElo "2297"]
[BlackElo "2221"]
[PlyCount "132"]
[EventDate "2011.12.27"]

1. e4 c5 2. Nf3 d6 3. d4 cxd4 4. Nxd4 Nf6 5. Nc3 a6 6. Bg5 Nbd7 7. Bc4 Qb6 8.
Bb3 e6 9. O-O Be7 10. Kh1 O-O 11. f4 Qc7 12. Qe1 b5 13. a3 Bb7 14. f5 e5 15.
Nf3 Rac8 16. Rd1 Qb8 17. Qe2 Rxc3 18. bxc3 Bxe4 19. Nxe5 Nxe5 20. Bxf6 Bxg2+
21. Qxg2 Bxf6 22. Rg1 Qc7 23. Qg3 Qc5 24. a4 Rd8 25. axb5 axb5 26. Rg2 h5 27.
h3 h4 28. Qe1 Nf3 29. Qf1 Ng5 30. Rg4 Re8 31. Qg2 Qxc3 32. Rf1 Nxh3 33. Rxg7+
Bxg7 34. f6 Nf2+ 35. Rxf2 Re1+ 36. Kh2 Qe5+ 37. Kh3 Re3+ 38. Rf3 Rxf3+ 39. Qxf3
Bxf6 40. Qg4+ Bg5 41. Qf3 Qe7 42. Bd5 Kg7 43. Be4 Qe5 44. Kg4 Kh6 45. Kh3 Bf6
46. Bd5 Kg7 47. Qg4+ Bg5 48. Qf3 f5 49. Kg2 Kg6 50. Bb3 Qf4 51. Qxf4 Bxf4 52.
Kf3 Bg3 53. Bd5 Kf6 54. Bc6 b4 55. Ke3 Ke5 56. Bg2 Bf4+ 57. Kd3 Bc1 58. Bh1 h3
59. Bf3 d5 60. Bh1 d4 61. Bc6 Be3 62. Ke2 Kf4 63. Bd7 Kg3 64. Bc6 Kh2 65. Kf1
d3 66. cxd3 b3 0-1

[Event "54th Reggio Emilia w"]
[Site "Reggio Emilia ITA"]
[Date "2012.01.03"]
[Round "7"]
[White "Guramishvili, S."]
[Black "De Rosa, M."]
[Result "1-0"]
[WhiteElo "2374"]
[BlackElo "2122"]
[PlyCount "83"]
[EventDate "2011.12.27"]

1. d4 d5 2. c4 dxc4 3. e4 Nf6 4. e5 Nd5 5. Bxc4 Nb6 6. Bd3 Nc6 7. Ne2 Bg4 8. f3
Bh5 9. Nbc3 e6 10. Bb5 Be7 11. O-O O-O 12. Bxc6 bxc6 13. Ne4 Bg6 14. Qc2 c5 15.
Rd1 c4 16. Be3 Qc8 17. Bf2 c5 18. Nf4 Bf5 19. d5 Bg5 20. Nh3 Bxh3 21. gxh3 Bf4
22. Nd6 Qd8 23. dxe6 Qg5+ 24. Kh1 fxe6 25. Bxc5 Qh5 26. Qg2 Bxe5 27. Bxb6 axb6
28. Nxc4 Ra7 29. Qg4 Qf5 30. Qxf5 Rxf5 31. Rd8+ Kf7 32. Re1 Bf4 33. Nxb6 Rb5
34. Nc4 Rb4 35. Re4 e5 36. Nxe5+ Bxe5 37. Rxb4 Rxa2 38. Rd7+ Ke6 39. Rdb7 Ra1+
40. Kg2 Rd1 41. Re4 Rd2+ 42. Kf1 1-0

[Event "54th Reggio Emilia w"]
[Site "Reggio Emilia ITA"]
[Date "2012.01.04"]
[Round "8"]
[White "Chierici, M."]
[Black "Guramishvili, S."]
[Result "1/2-1/2"]
[WhiteElo "2048"]
[BlackElo "2374"]
[PlyCount "126"]
[EventDate "2011.12.27"]

1. e4 c5 2. c3 d6 3. d4 Nf6 4. Bd3 g6 5. Nf3 Bg7 6. O-O O-O 7. Re1 cxd4 8. cxd4
Bg4 9. Nbd2 Nc6 10. h3 Bxf3 11. Nxf3 Qb6 12. Be3 Qxb2 13. Rb1 Qa3 14. Rxb7 Rab8
15. Rc7 Nb4 16. Bb1 Nxa2 17. Qd2 Rb2 18. Rxa7 Qc3 19. Bxa2 Rxd2 20. Bxd2 Qc6
21. Rxe7 d5 22. e5 Ne4 23. Be3 Ra8 24. Rc1 Nc3 25. Rxc3 Qxc3 26. Bxd5 Qa1+ 27.
Kh2 Rd8 28. Bxf7+ Kf8 29. Rc7 Qa5 30. Rb7 Qa6 31. Rc7 Qa5 32. Ng5 Qxc7 33. Ne6+
Kxf7 34. Nxc7 Rc8 35. Nd5 Rc2 36. Kg3 Ke6 37. Nf4+ Kf5 38. Kf3 Bxe5 39. dxe5
Kxe5 40. Kg4 Kf6 41. Bd4+ Kf7 42. Kf3 Rc4 43. Ke4 Rc1 44. Nd3 Rg1 45. g3 Rd1
46. f4 Rh1 47. Nf2 Re1+ 48. Kf3 Ke6 49. Bc3 Rb1 50. Ne4 Kd5 51. Nf6+ Kc4 52.
Nxh7 Kxc3 53. Nf8 Rb6 54. g4 Kd4 55. g5 Rd6 56. h4 Ra6 57. h5 gxh5 58. Kg3 Ke4
59. g6 Ra1 60. Kg2 Ra7 61. Ne6 Kf5 62. g7 Rxg7+ 63. Nxg7+ Kxf4 1/2-1/2

[Event "54th Reggio Emilia w"]
[Site "Reggio Emilia ITA"]
[Date "2012.01.04"]
[Round "8"]
[White "De Rosa, M."]
[Black "Videnova, I."]
[Result "0-1"]
[WhiteElo "2122"]
[BlackElo "2297"]
[PlyCount "30"]
[EventDate "2011.12.27"]

1. e4 c5 2. Nf3 Nc6 3. d4 cxd4 4. Nxd4 g6 5. c4 Bg7 6. Be3 Nf6 7. Nc3 Ng4 8.
Qxg4 Bxd4 9. Bxd4 Nxd4 10. Qd1 e5 11. Qd2 d6 12. Be2 Be6 13. O-O Rc8 14. b3 Qa5
15. Rfd1 Qxc3 0-1

[Event "54th Reggio Emilia w"]
[Site "Reggio Emilia ITA"]
[Date "2012.01.04"]
[Round "8"]
[White "Brunello, M."]
[Black "Sharevich, A."]
[Result "1/2-1/2"]
[WhiteElo "2221"]
[BlackElo "2267"]
[PlyCount "96"]
[EventDate "2011.12.27"]

1. e4 c5 2. c3 Nf6 3. e5 Nd5 4. d4 cxd4 5. Nf3 e6 6. cxd4 d6 7. Bc4 Nc6 8. O-O
Be7 9. exd6 Qxd6 10. Nc3 O-O 11. Re1 b6 12. Ne4 Qd8 13. a3 Bb7 14. Qd3 Nf6 15.
Nc3 Rc8 16. Ba2 Qd6 17. Bg5 h6 18. Bh4 Nh5 19. Ne4 Qd8 20. Bxe7 Nxe7 21. Rad1
Nf4 22. Qd2 Ned5 23. Bb1 f5 24. Ng3 Qd6 25. Ne5 g5 26. f3 Ba6 27. Kh1 Rc7 28.
Rc1 Rxc1 29. Rxc1 Bb7 30. Re1 Rd8 31. Ba2 Ne7 32. Rd1 Bd5 33. Bxd5 Qxd5 34. Qc2
Rc8 35. Qd2 Kg7 36. h4 Neg6 37. Nxg6 Kxg6 38. hxg5 hxg5 39. Ne2 Nh5 40. Nc3 Qd6
41. d5 Rh8 42. dxe6 Nf6+ 43. Kg1 Qh2+ 44. Kf1 g4 45. Qf2 Qe5 46. Kg1 Qh2+ 47.
Kf1 Qe5 48. Kg1 Qh2+ 1/2-1/2

[Event "54th Reggio Emilia w"]
[Site "Reggio Emilia ITA"]
[Date "2012.01.05"]
[Round "9"]
[White "Brunello, M."]
[Black "Chierici, M."]
[Result "1-0"]
[WhiteElo "2221"]
[BlackElo "2048"]
[PlyCount "97"]
[EventDate "2011.12.27"]

1. e4 Nf6 2. e5 Nd5 3. c4 Nb6 4. c5 Nd5 5. Nc3 Nxc3 6. bxc3 d6 7. cxd6 cxd6 8.
exd6 Qxd6 9. Nf3 g6 10. d4 Bg7 11. Bd3 O-O 12. O-O Nc6 13. Qb3 Bg4 14. Ng5 Qc7
15. Ba3 Rac8 16. h3 Bd7 17. Ne4 b6 18. Rac1 Be6 19. Qb1 Na5 20. Ba6 Bc4 21.
Bxc8 Bxf1 22. Bg4 Ba6 23. Re1 f5 24. Ng5 Qxc3 25. Bb4 Qd3 26. Qxd3 Bxd3 27. Bf3
Bc4 28. Ne6 Bxe6 29. Rxe6 Bxd4 30. Rxe7 Rc8 31. Bd5+ Kh8 32. Bd2 Bg7 33. Rxa7
Be5 34. Bh6 Re8 35. g3 Bd4 36. Kf1 Be5 37. Be3 Rd8 38. Bh6 Re8 39. h4 Bc3 40.
a4 Bf6 41. Rd7 Rb8 42. h5 Rc8 43. Kg2 Rb8 44. Bf4 Rc8 45. h6 Nc6 46. Rf7 Ne7
47. Rxe7 Bxe7 48. Be5+ Bf6 49. Bxf6# 1-0

[Event "54th Reggio Emilia w"]
[Site "Reggio Emilia ITA"]
[Date "2012.01.05"]
[Round "9"]
[White "Sharevich, A."]
[Black "De Rosa, M."]
[Result "1-0"]
[WhiteElo "2267"]
[BlackElo "2122"]
[PlyCount "51"]
[EventDate "2011.12.27"]

1. d4 d5 2. c4 dxc4 3. Nf3 Nf6 4. e3 Be6 5. Nc3 h6 6. Ne5 c5 7. Qa4+ Nbd7 8.
Bxc4 Bxc4 9. Qxc4 e6 10. O-O Be7 11. Rd1 O-O 12. Nxd7 Nxd7 13. dxc5 Qc7 14. b4
a5 15. Nb5 Qc6 16. Nd4 Qa4 17. Bb2 Nxc5 18. a3 Rfd8 19. Rdc1 b5 20. Qc3 Ne4 21.
Qc7 Bf6 22. bxa5 Qxa5 23. Qc2 Nd6 24. Nc6 Qb6 25. Bxf6 Rdc8 26. Ne7+ 1-0